000 00420nab a2200145Ia 4500
003 ES-SlBCS
005 20210601124258.0
008 140529s1953 xxu||||| |||| 00| 0 eng d
041 _aeng
100 1 _aDonahue, Matthew
_9138984
245 0 0 _aSatisfying the Urge to Know
_c Matthew Donahue
650 0 4 _aConocimiento-Deseo
_9138985
773 0 _tDominicana
_gvol. 38, nº. 3, 1953, págs. 201-207
_wRev1398
942 _cAR
999 _c512200
_d512200